Random Facts About Finland - Statistics

General Stats
  • This quiz has been taken 67 times
  • The average score is 5 of 10
Answer Stats
Hint Answer % Correct
Finland was the first European country to give women the right to __? Vote
95%
Over 70 percent of Finland is covered in______? Forest
86%
Finland is the ______ country in the world? Happiest
84%
People in Finland are the worlds largest ___ drinkers. Coffee
78%
What is Finland's second largest city? Espoo
71%
Helsinki is ranked in the top 10 cities with the cleanest __ in the world? Air
62%
There are about 2 million __ in Finland. Saunas
34%
Finland has about how many lakes? 188,000
3%
Finland is the only home to what endangered seal? Saimaa Ringed Seal
3%
On October 15, what holiday is it in Finland? National Day of Failure
2%
No matching quizzes found
Score Distribution
Percent of People with Each Score
Percentile by Number Answered
Your Score History
You have not taken this quiz